| 000 | 00785na a2200241 4500 | ||
|---|---|---|---|
| 001 | 18219 | ||
| 003 | MIRAKIL | ||
| 005 | 20181213154747.0 | ||
| 008 | 161115b tu 000 0 | ||
| 020 | _a9756689404 | ||
| 040 |
_aMilas _btur _cTR-AnCHP |
||
| 041 | _atur | ||
| 082 |
_a956.102 _bS34 2003 |
||
| 090 | _a956.102 S34 2003 | ||
| 111 |
_aSekseninci Yılında Türkiye Cumhuriyeti Sempozyumu _cAnkara _d2003 |
||
| 245 |
_aSekseninci yılında Türkiye Cumhuriyeti sempozyumu _b31 Ekim-1 Kasım 2003 _cTürkiye Barolar Birliği |
||
| 260 |
_aAnkara _bTürkiye Barolar Birliği Yayınları _c2003 |
||
| 300 |
_a421 s. _c25 sm. |
||
| 490 |
_aTürkiye Barolar Birliği Yayınları _v57 |
||
| 610 | _aTürkiye Barolar Birliği | ||
| 650 | _aTürkiye Cumhuriyeti | ||
| 942 |
_2ddc _cBKS |
||
| 999 |
_c390 _d390 |
||